000 00534nam a2200193Ia 4500
003 0100
008 130303s9999 xx 000 0 und d
020 _a136528678
040 _cARRUPELIB
050 _aBV4012.2.P291983
245 _aPastoral counselling
260 _aEnglewood Cliffs
260 _bPrentice-Hall
260 _C1983
300 _axiv
300 _b 304p. 24cm.
700 _aedited by Barry K. Estadt and Melvin Blanchette, John R. Compton , Estadt, Barry K.Blanchette, MelvinCompton, John R
942 0 0 _01
999 _c16178
_d16178